00297nam a2200097Ia 4500008004100000100002100041245005600062245003100118260000900149856004100158160531s9999 xx 000 0 und d aRobinson, A.P.L. aTheory of Fast Electron Transport for Fast Ignition cby A.P.L. Robinson, et al. c2013 uhttp://arxiv.org/pdf/1304.1040v1.pdf